Bất đẳng thức và bài toán cực trị trong lớp hàm vô tỷ
Nghiên cứu về việc xây dựng: các tính chất của hàm chứa căn thức, các dạng toán về bất đẳng thức và cực trị trong lớp hàm vô tỉ và một số ứng dụng bất đẳng thức và cực trị trong đại số và lượng giác
Enregistré dans:
| Auteur principal: | |
|---|---|
| Autres auteurs: | |
| Format: | Livre |
| Langue: | Vietnamese |
| Publié: |
Đà Nẵng
Đại học Đà Nẵng
2015
|
| Sujets: | |
| Tags: |
Ajouter un tag
Pas de tags, Soyez le premier à ajouter un tag!
|
| Thư viện lưu trữ: | Mạng thư viện Đại học Đà Nẵng |
|---|
| LEADER | 01754nam a2200361 4500 | ||
|---|---|---|---|
| 001 | 000023325 | ||
| 003 | 19776 | ||
| 005 | 20151202091218.0 | ||
| 008 | 150921s2015 viesd | ||
| 041 | |a vie | ||
| 082 | 1 | 4 | |a 512.97 |b PH-T |
| 100 | 1 | |a Phan Thị Thùy Trang | |
| 245 | 1 | |a Bất đẳng thức và bài toán cực trị trong lớp hàm vô tỷ |c Phan Thị Thùy Trang ; Nguyễn Văn Mậu hướng dẫn. |k Luận văn Thạc sĩ | |
| 260 | |a Đà Nẵng |b Đại học Đà Nẵng |c 2015 | ||
| 300 | |a 45 tr., phụ lục 3 tr. |c 29 cm. |e Tóm tắt | ||
| 500 | |a Luận văn thạc sĩ Khoa học. Chuyên ngành: Phương pháp toán sơ cấp. Mã số: 60.46.01.13 | ||
| 520 | 3 | |a Nghiên cứu về việc xây dựng: các tính chất của hàm chứa căn thức, các dạng toán về bất đẳng thức và cực trị trong lớp hàm vô tỉ và một số ứng dụng bất đẳng thức và cực trị trong đại số và lượng giác | |
| 650 | 0 | 4 | |a Bất đẳng thức (toán học) |v Luận văn tốt nghiệp |x Ứng dụng |
| 653 | |a Hàm vô tỷ | ||
| 653 | |a Phương pháp toán sơ cấp | ||
| 653 | |a Bất đẳng thức | ||
| 653 | |a Bài toán cực trị | ||
| 700 | 1 | |a Nguyễn Văn Mậu |c GS. TSKH. |e Hướng dẫn | |
| OWN | |a LSP | ||
| AVA | |a UDN50 |b LSP |d 512.97 PH-T |e available |t Error 5001 Not defined in file expand_doc_bib_avail. |f 1 |g 0 |h N |i 0 |k 1 | ||
| 999 | |a From the UDN01 | ||
| AVA | |a UDN50 |b LSP |d 512.97 PH-T |e available |t Error 5001 Not defined in file expand_doc_bib_avail. |f 1 |g 0 |h N |i 0 |k 1 | ||
| TYP | |a Monograph | ||
| TYP | |a Printed language | ||
| 980 | |a Mạng thư viện Đại học Đà Nẵng | ||